Metódy riešenia rozmerových obvodov v zostave držiaka brzdového strmeňa a kotúča

Uložené v:
Podrobná bibliografia
Hlavný autor: Bačík, Pavel (Autor)
Ďalší autori: Magdolen, Ľuboš (Vedúci práce)
Médium: Rukopis Kniha
Jazyk:Slovak
Vydavateľské údaje: 2023
Predmet:
On-line prístup:http://is.stuba.sk/zp/portal_zp.pl?podrobnosti=172296
Tagy: Pridať tag
Žiadne tagy, Buďte prvý, kto otaguje tento záznam!

MARC

LEADER 00000ntm a22000003a 4500
001 stuzp94740
003 SK-STU
005 20240424134155.9
007 ta
008 150427s2015----xo-----f-mn---000-0-slo-d
040 |a STU  |b slo 
041 0 |a slo 
100 1 |a Bačík, Pavel  |u 020030  |4 aut  |U SjF Strojnícka fakulta  |T SjF Ústav dopravnej techniky a konštruovania  |X 98659  |U J0030  |Y 806  |7 98659 
242 0 1 |a Methods of solving dimensional circuits in the assembly of the brake caliper holder and disc  |y eng 
245 1 0 |a Metódy riešenia rozmerových obvodov v zostave držiaka brzdového strmeňa a kotúča 
260 |c 2023 
650 4 |a kotúčová brzda  |2 slo 
650 4 |a rozmerové obvody  |2 slo 
650 4 |a brzdový strmeň  |2 slo 
650 4 |a držiak brzdového strmeňa  |2 slo 
650 4 |a odchýlky  |2 slo 
650 4 |a tolerancie  |2 slo 
650 4 |a CETOL  |2 slo 
650 4 |a disc brake  |2 eng 
650 4 |a brake caliper  |2 eng 
650 4 |a tolerances  |2 eng 
650 4 |a CETOL  |2 eng 
650 4 |a dimensional circuits  |2 eng 
650 4 |a deviations  |2 eng 
650 4 |a brake caliper holder  |2 eng 
700 1 |a Magdolen, Ľuboš  |u 020030  |k Z1  |4 ths  |U SjF Strojnícka fakulta  |T SjF Ústav dopravnej techniky a konštruovania  |X 2362  |U J0030  |Y 806  |7 A00002362 
856 4 |u http://is.stuba.sk/zp/portal_zp.pl?podrobnosti=172296 
996 |b 284J047538  |c J* 3660/DDP  |l JJSK  |s A  |a 24  |w stuzp94740_0001